Historias de Ninguno : (Registro nro. 9584)

Detalles MARC
000 -LIDER
fixed length control field 01085nam a22003375b 4500
001 - NÚMERO DE CONTROL
Identificador de número de control Mimo0002245595
003 - IDENTIFICACDOR DE NÚMERO DE CONTROL
control field SpMaBN
005 - DATE AND TIME OF LATEST TRANSACTION
control field 20180221085441.0
008 - ELEMENTOS DE LONGITUD FIJA
fixed length control field 940209r19931981sp | |||| ||spa
016 7# - NO. DE CONTROL DE LA AGENCIA BIB. NACIONAL
Record control number bimoBNE19940034298
Source SpMaBN
017 ## - NÚMERO DE REGISTRO DE DERECHOS DE AUTOR
Copyright or legal deposit number M 33780-1993
Assigning agency Oficina Depósito Legal Madrid
020 ## - ISBN
International Standard Book Number 8434809079
035 ## - NÚMERO LOCAL
System control number (OCoLC)434331240
040 ## - FUENTE DE CATALOGACIÓN
Agencia que crea de manera original el registro SpMaBN
Idioma de catalogación spa
Agencia que realiza la transcripción SpMaBN
Convenciones de la despripción rdc
080 #0 - NÚMERO DE CLASIFICACIÓN DECIMAL UNIVERSAL
Universal Decimal Classification number 087.5:82
100 1# - ASIENTO PRINCIPAL -- NOMBRE PERSONAL
Nombre personal Mateos, Pilar
Fechas asociadas con el nombre 1942-
245 1# - MENCIÓN DE TITULO
Título Historias de Ninguno :
Subtítulo finalista del premio El barco de vapor /
Medio (Designación general de material)
Mención de responsabilidad Pilar Mateos ; ilustraciones, Gustavo Otero
250 ## - MENCIÓN DE EDICION
Mención de edición 15ª ed.
260 ## - PUBLICACIÓN, DISTRIBUCIÓN, ETC. (PIE DE IMPRENTA)
Lugar de publicación, distribución, etc Madrid :
Nombre del editor, distribuidor, etc. SM,
Fecha de publicación, distribución, etc 1992
300 ## - DESCRIPCIÓN FÍSICA
Extensión 91 p.:
Otros detalles físicos il. ;
Dimensiones 19 cm
440 #3 - MENCIÓN DE SERIE/ENTRADA SECUNDARIA--TÍTULO
Título El barco de vapor.
Nombre de la parte o sección de una obra Serie azul
Número de volumen/designación secuencial 6
490 ## - MENCIÓN DE SERIES
Mención de serie El barco de vapor.
-- Serie azul
Volume/sequential designation 6
500 ## - NOTA GENERAL
Nota general
586 ## - AWARDS NOTE
Awards note "Premio Lazarillo 1982"
586 ## - AWARDS NOTE
Awards note "Premio El Barco de Vapor 1981"
700 1# - ASIENTO SECUNDARIO -- NOMBRE PERSONAL
Nombre personal Otero, Gustavo
Mención de responsabilidad il.
830 ## - ASIENTO SECUNDARIO DE SERIE--TÍTULO UNIFORME
Título uniforme El barco de vapor.
Nombre de la parte o sección de una obra Serie azul
Volume number/sequential designation 6
942 ## - ADDED ENTRY ELEMENTS (KOHA)
Source of classification or shelving scheme Dewey Decimal Classification
Koha item type Libros
945 ## - INFORMACIÓN DE PROCESAMIENTO LOCAL
Información de procesamiento local inventariado, 2018 / dg
956 ## - LOCAL ELECTRONIC LOCATION AND ACCESS (OCLC)
Nombre de host VMATEO
Método de acceso 10
Materiales especificados 20160406
Enlace BPMSU
Campo enlazado y núm. de secuencia 0069
Existencias
Withdrawn status Lost status Source of classification or shelving scheme Damaged status Not for loan Home library Current library Date acquired Coded location qualifier Total Checkouts Barcode Date last seen Price effective from Koha item type
    Dewey Decimal Classification     Biblioteca Pública Metropolitana Salomé Ureña Biblioteca Pública Metropolitana Salomé Ureña 04/06/2016 FUNDI   BPMSU18020214 04/06/2016 04/06/2016 Libros